000
00287nam a2200109Ia 4500
008
200302s9999 xx 000 0 und d
100
_a
Pierre Pichard
245
_a
Tanjavur Brhadisvara An Architectural Study
260
_b
Indra Gandhi National Center
260
_c
1995
300
_a
244 P.,
999
_c
4392
_d
4392